00839nam a2200241 a 450000100060000000300080000600500170001400800410003103500190007204000320009104100080012308200300013110000240016124501270018525000110031226000560032330000340037950400270041365000360044065000430047665100420051965100360056149484BD-RjUL20211209054703.0160821s1966 ua a b 001 0 eng  a(BD-RjUL)49603 aDLCcDLCdDLCdBD-RjULbeng aeng00a359.0091822223bFAM 19661 aFahmy, Aly Mohamed.10aMuslim naval organisation in the eastern Mediterranean : bfrom the seventh to the tenth century A.D. /cAly Mohamed Fahmy a2d ed. aCairo,bNational Publication & Print. House,c1966. axiii, 204 p. :bill ;c24 cm. aBibliography and index 0aNaval art and sciencexHistory. 0aShips, MedievalzMediterranean Region. 0aMediterranean RegionxHistory, Naval. 0aIslamic EmpirexHistory, Naval.